000 00289nam a22001337a 4500
008 170519b xxu||||| |||| 00| 0 eng d
020 _a0205243614
041 _aeng
080 _22ND
_a94(7/8)
100 _a16
101 _aSHH
245 _aAMERICAN STORIES
_cBRANDS
942 _2udc
_cBK
999 _c13513
_d13513